Výzkum života a potřeb starých lidí /

Hlavní autor: Schimmerlingová, Věra
Další autoři: Čermáková, Marie, 1929-, Škaloud, Jaroslav, sociolog
Jazyk: Čeština
Vydáno: Praha : Československý výzkumný ústav práce a sociálních věcí, 1982
Edice: Výzkumné práce (Československý výzkumný ústav práce a sociálních věcí)
Fyzický popis: 252 s.
Knihy
Uloženo v:
LEADER 01320nam a22003252a 4500
001 000147908
003 CZ BrMZK
005 20180220103013.0
007 ta
008 010907s1982 xr f cze d
040 |a BOA001  |b cze  |c BOA001 
080 |a 392.3-053.9  |2 MRF 
080 |a 301.185.14-053.9  |2 MRF 
080 |a 362.6  |2 MRF 
080 |a 36.058.71-053.9  |2 MRF 
100 1 |a Schimmerlingová, Věra  |7 jk01110944  |4 aut 
245 1 0 |a Výzkum života a potřeb starých lidí /  |c zodpovědný řešitel Věra Schimmerlingová ; spoluřešitelé Jaroslav Škaloud, Marie Čermáková 
246 3 3 |a Výzkum života a potřeb starých občanů 
260 |a Praha :  |b Československý výzkumný ústav práce a sociálních věcí,  |c 1982 
300 |a 252 s. 
490 1 |a Výzkumné práce ;  |v ř.B,č.93. 
500 |a Název v tiráži: Výzkum života a potřeb starých občanů 
500 |a Souhrn rusky a anglicky 
504 |a Obsahuje bibliografii 
700 1 |a Čermáková, Marie,  |d 1929-  |7 jk01021373  |4 aut 
700 1 |a Škaloud, Jaroslav,  |c sociolog  |4 aut 
830 0 |a Výzkumné práce (Československý výzkumný ústav práce a sociálních věcí)  |0 s 
910 |a BOA001  |b 2-0853.411 
990 |a BK 
996 6 |b 2619957238  |c 2-0853.411  |l MZK  |r Sklad / do 1 hodiny  |n 22  |w 000147908  |u 000010  |a 1  |e BOA001  |j MZK50  |s P